000 00734nam a22002057a 4500
003 0
005 20251029120438.0
008 251029b xxu||||| |||| 00| 0 eng d
020 _a978-1-98469-430-0
050 _aTX 911.3.P4
_b.G74 2025
100 _aGreen, Benjamin,
_eauthor.
245 _aDiversity and inclusion in the hospitality workforce /
_cBenjamin Green.
260 _aNew York, NY :
_b3G E-Learning LLC,
_c2025.
300 _axxi, 292 pages :
_bcolored illustrations ;
_c26 cm.
504 _aIncludes bibliographical references and index.
650 _aHospitality industry
_xPersonnel management.
650 _aDiversity in the workplace.
650 _aOrganizational behavior
_xHospitality industry.
942 _2lcc
_cBK
999 _c368402
_d368402